000 00316nam a22001337a 4500
008 180914b xxu||||| |||| 00| 0 eng d
020 _a0300028709
041 _aeng
080 _a712
100 _a45
101 _aART
245 _aThe CitY Wotj Of Art London Paros Vpena
_cOlisen.D/J
942 _2udc
_cBK
999 _c47822
_d47822